000
00271nam a22001217a 4500
020
_a
07214-0851-6
082
_a
823
_b
HAS/G
100
_a
HASELDEN, MARY
245
_a
GOING TO PLAY GROUND
260
_a
ENGLAND
_b
LADY BIRD
650
_a
ENGLISH SHORT STORY
_z
UK
942
_c
BK
999
_c
2609
_d
2609